000 00496nam a2200205Ia 4500
003 OSt
005 20220924134804.0
006 a|||||r|||| 00| 0
007 ta
008 220923b |||||||| |||| 00| 0 ben d
024 _a287236
037 _cTextual
040 _aARTS
_cARTS
_bben
041 _2ben
_aben
082 _a4xM68w, 157M7
245 0 _aMuhammad Akram Khan
_b 1868 - 1968
260 _c1987
942 _h4xM68w, 157M7
_cTEXL
_2CC
999 _c438576
_d438576